[Event "Detroit (MI Op/1b/14)"]
[Site "?"]
[Date "1992.??.??"]
[Round "?"]
[White "Accad, W."]
[Black "Lang, Brad"]
[Result "1/2-1/2"]
[WhiteElo "1985"]
[BlackElo "1765"]
[PlyCount "79"]
[EventDate "1992.??.??"]

1. e4 d6 2. d4 Nf6 3. Nc3 g6 4. Bc4 Bg7 5. f3 O-O 6. Nge2 Nbd7 7. Bg5 c5 8. a3
a6 9. dxc5 dxc5 10. Qd2 Ne5 11. Ba2 Qxd2+ 12. Bxd2 Nc6 13. O-O e6 14. Be3 Nd7
15. Rfd1 b5 16. Rxd7 Bxd7 17. Bxc5 Rfc8 18. Rd1 Be8 19. b4 Rd8 20. Kf2 Rxd1 21.
Nxd1 Rd8 22. Ke1 Nd4 23. Nxd4 Bxd4 24. Bxd4 Rxd4 25. Ke2 Rd8 26. Nb2 Ra8 27.
Bb3 a5 28. Nd3 axb4 29. axb4 Ra1 30. Ne1 Kf8 31. g4 Ke7 32. h4 f5 33. g5 fxe4
34. fxe4 Bc6 35. e5 Bd5 36. Bxd5 exd5 37. Nf3 Rh1 38. c3 Ke6 39. Ke3 Rh3 40.
Kf4 1/2-1/2

[Event "Wayne County Open"]
[Site "?"]
[Date "1992.01.04"]
[Round "1.12"]
[White "Vaughn, Gerald"]
[Black "Aldrich, Jeff"]
[Result "0-1"]
[WhiteElo "1493"]
[BlackElo "1895"]
[PlyCount "120"]
[EventDate "1992.??.??"]

1. e4 c6 2. d4 d5 3. Bd3 dxe4 4. Bxe4 Nf6 5. Nc3 e6 6. a3 Nbd7 7. Nf3 c5 8. Be3
Qb6 9. b3 cxd4 10. Bxd4 Bc5 11. O-O Bxd4 12. Qxd4 O-O 13. Bd3 Rd8 14. Rfe1 Qxd4
15. Nxd4 Nc5 16. Nce2 Nxd3 17. cxd3 b6 18. Rad1 Ba6 19. b4 e5 20. b5 Bb7 21.
Nc6 Bxc6 22. bxc6 Rac8 23. Rc1 Rd6 24. Ng3 Rdxc6 25. Rxc6 Rxc6 26. Rxe5 Rc1+
27. Nf1 Rd1 28. Re7 Kf8 29. Rxa7 Nd5 30. h3 Nf4 31. f3 Rxd3 32. Kf2 Rb3 33. Ne3
g6 34. a4 Nd3+ 35. Kg3 Nc5 36. Nd5 Kg7 37. Ne7 Ra3 38. Nc8 Rxa4 39. Rxa4 Nxa4
40. Kf4 b5 41. Nd6 b4 42. Nc4 b3 43. Ke3 b2 44. Nd2 Nc3 45. Kd3 b1=Q+ 46. Nxb1
Nxb1 47. g4 Kf6 48. h4 Ke5 49. Ke3 h5 50. f4+ Ke6 51. g5 Kf5 52. Kf3 Nc3 53.
Kg3 Ne2+ 54. Kf3 Nxf4 55. Kg3 Ne6 56. Kf3 Nxg5+ 57. Kg3 f6 58. hxg5 Kxg5 59.
Kh3 Kf4 60. Kh4 Kf3 0-1

[Event "Wayne County Open"]
[Site "Detroit, Mich."]
[Date "1992.01.04"]
[Round "2"]
[White "Moody, David"]
[Black "Householder, Jim"]
[Result "1-0"]
[WhiteElo "2042"]
[BlackElo "1500"]
[PlyCount "77"]
[EventDate "1992.01.04"]

1. e4 c6 2. d4 d5 3. exd5 cxd5 4. Bd3 Nc6 5. c3 Nf6 6. Bf4 Bg4 7. Qb3 Qd7 8.
Nd2 e6 9. Ngf3 Bxf3 10. Nxf3 Be7 11. Ne5 Qc8 12. O-O O-O 13. Rae1 Nd7 14. Qc2
h6 15. Qe2 Ncxe5 16. dxe5 Nc5 17. Bb1 Qd8 18. Qc2 g6 19. Bxh6 Re8 20. Qe2 Bg5
21. Bxg5 Qxg5 22. f4 Qe7 23. Qg4 Ne4 24. Bxe4 dxe4 25. Rxe4 Kg7 26. Qg5 Qxg5
27. fxg5 Rad8 28. Rd4 Rxd4 29. cxd4 Rd8 30. Rd1 Rd5 31. Kf2 Kf8 32. Ke3 Ke7 33.
Rc1 Kd8 34. Rc5 Rxc5 35. dxc5 Kc7 36. h4 Kc6 37. Kd4 a5 38. g4 Kb5 39. h5 1-0

[Event "Wayne County Open"]
[Site "Detroit, Mich."]
[Date "1992.01.04"]
[Round "3"]
[White "Levit, Roman"]
[Black "Moody, David"]
[Result "1-0"]
[WhiteElo "2300"]
[BlackElo "2042"]
[PlyCount "57"]
[EventDate "1992.01.04"]

1. d4 Nf6 2. c4 c5 3. d5 e6 4. Nc3 exd5 5. cxd5 d6 6. Nf3 g6 7. Nd2 a6 8. a4
Nbd7 9. e4 Bg7 10. Be2 O-O 11. O-O Re8 12. Qc2 Ne5 13. h3 g5 14. Nc4 Nxc4 15.
Bxc4 Nd7 16. Nd1 Ne5 17. Ra3 b5 18. Be2 c4 19. axb5 g4 20. hxg4 Bxg4 21. f3 Bd7
22. bxa6 Bb5 23. a7 Nd3 24. Be3 Qh4 25. Bxd3 cxd3 26. Qf2 Qe7 27. Nc3 Bc4 28.
b3 Bxc3 29. bxc4 1-0

[Event "Wayne County Open"]
[Site "Detroit, Mich."]
[Date "1992.01.04"]
[Round "1"]
[White "Carroll, Michael"]
[Black "Moody, David"]
[Result "0-1"]
[WhiteElo "1575"]
[BlackElo "2042"]
[PlyCount "70"]
[EventDate "1992.01.04"]

1. d4 Nf6 2. c4 c5 3. d5 e6 4. Nc3 exd5 5. cxd5 d6 6. e4 g6 7. Nf3 Bg7 8. Nd2
O-O 9. Bd3 Re8 10. O-O a6 11. a4 Nbd7 12. a5 b5 13. axb6 Nxb6 14. Re1 Ng4 15.
Nc4 Nxc4 16. Bxc4 Qh4 17. h3 Qxf2+ 18. Kh1 Qg3 19. hxg4 Be5 20. Kg1 Bd4+ 21.
Be3 Bxe3+ 22. Rxe3 Qxe3+ 23. Kh1 Qd4 24. Be2 Qxd1+ 25. Bxd1 f5 26. gxf5 gxf5
27. Bf3 fxe4 28. Nxe4 Rd8 29. Kg1 Bf5 30. Nc3 Bd3 31. Kf2 Re8 32. Be2 Bxe2 33.
Nxe2 Rab8 34. Ra2 Rb6 35. Nc1 Re5 0-1

[Event "Wayne County Open"]
[Site "?"]
[Date "1992.01.04"]
[Round "3.9"]
[White "Burke, Tim"]
[Black "Aldrich, Jeff"]
[Result "0-1"]
[WhiteElo "1702"]
[BlackElo "1895"]
[PlyCount "94"]
[EventDate "1992.??.??"]

1. e4 c6 2. d3 e5 3. Nf3 d6 4. g3 Bg4 5. Bg2 Nf6 6. Nbd2 Nbd7 7. c3 d5 8. Qc2
Bd6 9. O-O O-O 10. a4 a5 11. Re1 Re8 12. Nf1 dxe4 13. dxe4 Nc5 14. N3d2 Qd7 15.
f3 Bh3 16. Nc4 Bc7 17. Be3 Bxg2 18. Kxg2 Qe6 19. b3 Ncd7 20. Bf2 b5 21. axb5
cxb5 22. Nce3 g6 23. Rad1 Nb6 24. Rd3 a4 25. bxa4 bxa4 26. c4 Reb8 27. Nd5 Bd8
28. Nfe3 a3 29. Ra1 Nbxd5 30. cxd5 Qd6 31. Nc4 Qb4 32. Rdxa3 Rxa3 33. Rxa3 Rc8
34. Rc3 Ba5 35. Be1 Rxc4 36. Rxc4 Qxe1 37. Rc8+ Kg7 38. Qf2 Qb4 39. Rc2 Bb6 40.
Qe2 Qb1 41. f4 exf4 42. Kf3 fxg3 43. hxg3 g5 44. Rd2 Qh1+ 45. Qg2 g4+ 46. Kf4
Qh6+ 47. Ke5 Nd7+ 0-1

[Event "Wayne County Open"]
[Site "?"]
[Date "1992.01.04"]
[Round "2.1"]
[White "Aldrich, Jeff"]
[Black "Tsemekhman, Vadim"]
[Result "0-1"]
[WhiteElo "1895"]
[BlackElo "2442"]
[PlyCount "54"]
[EventDate "1992.??.??"]

1. d4 Nf6 2. c4 g6 3. Nc3 Bg7 4. e4 d6 5. f4 O-O 6. Nf3 Na6 7. Be2 e5 8. O-O
exd4 9. Nxd4 Re8 10. Bf3 Nc5 11. Re1 Bg4 12. Nb3 Bxf3 13. Qxf3 Nfd7 14. Bd2
Nxb3 15. axb3 Nc5 16. b4 Ne6 17. Rad1 a5 18. b5 a4 19. Ra1 Nc5 20. Ra3 c6 21.
bxc6 bxc6 22. Nd1 Qb6 23. Be3 Qb4 24. Re2 Nxe4 25. Bc1 Bd4+ 26. Kh1 Nf2+ 27.
Rxf2 Bxf2 0-1

[Event "Wayne County Open"]
[Site "?"]
[Date "1992.01.05"]
[Round "5.5"]
[White "Wydryck, Robert"]
[Black "Aldrich, Jeff"]
[Result "0-1"]
[WhiteElo "1974"]
[BlackElo "1895"]
[PlyCount "114"]
[EventDate "1992.??.??"]

1. e4 c6 2. d4 d5 3. Nc3 dxe4 4. Nxe4 Nd7 5. Nf3 Ngf6 6. Ng3 e6 7. Bd3 Be7 8.
O-O O-O 9. Re1 c5 10. c3 Nb6 11. dxc5 Bxc5 12. Bg5 h6 13. Bxf6 Qxf6 14. Ne4 Qe7
15. Nxc5 Qxc5 16. Qc2 Nd5 17. Rad1 b6 18. Ne5 Qc7 19. Qd2 Bb7 20. Ng4 Qf4 21.
Qxf4 Nxf4 22. Be4 Bxe4 23. Rxe4 Rad8 24. Ne3 Rxd1+ 25. Nxd1 Rd8 26. Ne3 Nd3 27.
b4 Rc8 28. Nd1 Nc1 29. a4 Rd8 30. Re1 Na2 31. g3 Rd3 32. a5 Nxc3 33. Nxc3 Rxc3
34. Re5 bxa5 35. bxa5 a6 36. Kf1 Rc2 37. Kg2 Kf8 38. Kf3 Ke7 39. Ke3 Kd6 40.
Re4 Ra2 41. Rb4 Rxa5 42. Rb7 Re5+ 43. Kd4 a5 44. Rxf7 Rf5 45. Rxg7 Rxf2 46. h4
h5 47. Rg5 Rf5 48. Rg8 Ke7 49. Ra8 Rd5+ 50. Ke4 Rb5 51. Ra6 Kf6 52. Ra8 Rb4+
53. Kf3 a4 54. Kf2 Ke5 55. Ra5+ Ke4 56. Rxh5 Rb2+ 57. Ke1 a3 0-1

[Event "Wayne County Open"]
[Site "Detroit, Mich."]
[Date "1992.01.05"]
[Round "5"]
[White "Williams, Ron"]
[Black "Moody, David"]
[Result "1-0"]
[WhiteElo "1860"]
[BlackElo "2042"]
[PlyCount "77"]
[EventDate "1992.01.04"]

1. d4 Nf6 2. c4 c5 3. d5 e6 4. Nc3 exd5 5. cxd5 d6 6. Nf3 g6 7. Bf4 Nh5 8. e3
Nxf4 9. Qa4+ Nd7 10. Qxf4 Nf6 11. Ng5 a6 12. a4 Bg7 13. Bd3 O-O 14. Nge4 Nd7
15. O-O Be5 16. Qh6 Bg7 17. Qf4 Be5 18. Qf3 Bxh2+ 19. Kxh2 Ne5 20. Qg3 f5 21.
Nxc5 Ng4+ 22. Kg1 dxc5 23. Bc4 Qf6 24. Rad1 Ne5 25. Ba2 Qd6 26. f4 Ng4 27. e4
fxe4 28. Nxe4 Qb6 29. Qc3 c4+ 30. Kh1 Rf5 31. Rf3 Rh5+ 32. Rh3 Ne3 33. Nf6+ Kf7
34. Nxh5 Nxd1 35. Qg7+ Ke8 36. Nf6+ Kd8 37. Rxh7 Nf2+ 38. Kh2 Qxf6 39. Rh8+ 1-0

[Event "Wayne County Open"]
[Site "Detroit, Mich."]
[Date "1992.01.05"]
[Round "4"]
[White "Moody, David"]
[Black "Walker, Douglas"]
[Result "1-0"]
[WhiteElo "2042"]
[BlackElo "1846"]
[PlyCount "33"]
[EventDate "1992.01.04"]

1. e4 e5 2. Nf3 Nf6 3. Bc4 Nc6 4. d4 exd4 5. O-O Be7 6. Nxd4 Ne5 7. Bb3 O-O 8.
Nc3 a6 9. Nf5 Re8 10. Nxe7+ Qxe7 11. Bg5 c6 12. f4 Neg4 13. Qf3 Qc5+ 14. Kh1
Nxe4 15. Nxe4 Rxe4 16. Qxe4 Qg1+ 17. Kxg1 1-0

[Event "Wayne County Open"]
[Site "Detroit, Mich."]
[Date "1992.01.05"]
[Round "6"]
[White "Moody, David"]
[Black "Poenisch, Volker"]
[Result "1/2-1/2"]
[WhiteElo "2042"]
[BlackElo "1830"]
[PlyCount "69"]
[EventDate "1992.01.04"]

1. e4 e5 2. Nf3 Nc6 3. d4 exd4 4. Bc4 Nf6 5. O-O Bc5 6. e5 d5 7. exf6 dxc4 8.
Re1+ Be6 9. Ng5 Qd5 10. Nc3 Qf5 11. Nce4 Bf8 12. Nxf7 Kxf7 13. Ng5+ Kg8 14.
Nxe6 Qxf6 15. Qe2 Bd6 16. Qxc4 Qf7 17. Qe2 h6 18. Qg4 Ne5 19. Qh3 Re8 20. Nxd4
Kh7 21. Be3 Rhf8 22. Rad1 Nc4 23. Nf3 Kg8 24. Bd4 Qg6 25. Rxe8 Rxe8 26. Re1
Rxe1+ 27. Nxe1 Qe4 28. Qc3 Qe2 29. Nf3 Qd1+ 30. Qe1 Qxc2 31. Qe6+ Kh7 32. Ne1
Qd2 33. Qf5+ Kg8 34. Bc3 Qf4 35. Qxf4 1/2-1/2

[Event "Wayne County Open"]
[Site "?"]
[Date "1992.01.05"]
[Round "4.9"]
[White "Aldrich, Jeff"]
[Black "Koger, Melvin"]
[Result "1-0"]
[WhiteElo "1895"]
[BlackElo "1761"]
[PlyCount "87"]
[EventDate "1992.??.??"]

1. d4 Nf6 2. c4 e6 3. Nc3 c5 4. d5 exd5 5. cxd5 d6 6. e4 g6 7. Bg5 Be7 8. f4
O-O 9. Nf3 Re8 10. Bd3 Bg4 11. O-O Nbd7 12. h3 Bxf3 13. Qxf3 a6 14. Rae1 Qc7
15. Qg3 Nh5 16. Qh4 Bxg5 17. Qxg5 Qd8 18. Qh6 Qf6 19. g4 Qd4+ 20. Kg2 Qxd3 21.
gxh5 Nf6 22. Rf3 Qd4 23. hxg6 fxg6 24. f5 Re7 25. fxg6 hxg6 26. Ref1 Rf8 27.
Kh1 Rg7 28. Qg5 Nh7 29. Rxf8+ Nxf8 30. Qf4 Nd7 31. Qxd6 Qd3 32. Kg2 Qd2+ 33.
Rf2 Qg5+ 34. Qg3 Qe7 35. d6 Qe6 36. Qg4 Qe8 37. Nd5 a5 38. Ne7+ Kh8 39. Qg5 b6
40. e5 b5 41. e6 Nf8 42. Qh6+ Nh7 43. Rf6 Rxe7 44. Rf8+ 1-0

[Event "Wayne County Open"]
[Site "?"]
[Date "1992.01.05"]
[Round "6.2"]
[White "Aldrich, Jeff"]
[Black "Everett, Morgan"]
[Result "0-1"]
[WhiteElo "1895"]
[BlackElo "2153"]
[PlyCount "78"]
[EventDate "1992.??.??"]

1. d4 Nf6 2. c4 e6 3. Nc3 c5 4. d5 exd5 5. cxd5 d6 6. e4 g6 7. Bg5 Bg7 8. f4
O-O 9. Nf3 Qa5 10. Qd2 a6 11. Bd3 b5 12. O-O c4 13. Bc2 b4 14. Ne2 Qc5+ 15.
Nfd4 Bg4 16. Kh1 Bxe2 17. Nxe2 Nbd7 18. Rab1 Rfe8 19. Ng3 h6 20. Bxf6 Nxf6 21.
Rfe1 Rac8 22. Ba4 Red8 23. Bc6 Ng4 24. h3 Nf2+ 25. Kh2 Nd3 26. Re2 Nxb2 27. Qc2
Nd3 28. Rf1 Rb8 29. e5 dxe5 30. Ne4 Qd4 31. fxe5 Nxe5 32. Rd1 Nd3 33. Nf2 b3
34. axb3 Rxb3 35. Red2 Qe5+ 36. Kg1 Nxf2 37. Rxf2 Rc3 38. Qe2 Qd6 39. Qd2 Rd3 {
Time} 0-1

[Event "Lansing Mini-Swiss (January)"]
[Site "Lansing, Mich."]
[Date "1992.01.12"]
[Round "1"]
[White "Moody, David"]
[Black "Hahn, David"]
[Result "0-1"]
[WhiteElo "2042"]
[BlackElo "2241"]
[PlyCount "28"]
[EventDate "1992.01.12"]

1. e4 g6 2. d4 Bg7 3. Nf3 d6 4. Nc3 Nf6 5. Bg5 c6 6. Qd2 Bg4 7. Be2 Nbd7 8.
O-O-O Bxf3 9. Bxf3 Qa5 10. e5 dxe5 11. dxe5 Nxe5 12. Rhe1 O-O 13. Kb1 Nc4 14.
Qc1 Nxb2 0-1

[Event "Michigan Masters/Experts Championship"]
[Site "Flint, Mich."]
[Date "1992.01.18"]
[Round "1"]
[White "Moody, David"]
[Black "Everett, Morgan"]
[Result "0-1"]
[WhiteElo "2042"]
[BlackElo "2153"]
[PlyCount "108"]
[EventDate "1992.01.18"]

1. e4 e5 2. Nf3 Nc6 3. d4 exd4 4. Bc4 Nf6 5. O-O Nxe4 6. Re1 d5 7. Nc3 dxc4 8.
Nxe4 Be6 9. Neg5 Qd5 10. Nxf7 Kxf7 11. Ng5+ Kg8 12. Nxe6 Re8 13. Nxc7 Rxe1+ 14.
Qxe1 Qe5 15. Qxe5 Nxe5 16. Bf4 Ng6 17. Bg3 Kf7 18. Re1 Be7 19. h4 Rd8 20. h5
Nf8 21. Rxe7+ Kxe7 22. Bh4+ Kd7 23. Bxd8 Kxd8 24. Nb5 Ne6 25. Kf1 a6 26. Nd6 b5
27. Nf5 Kd7 28. g4 g6 29. hxg6 hxg6 30. Nh4 Nf4 31. Nf3 d3 32. cxd3 Nxd3 33.
Ke2 Kd6 34. g5 Nxb2 35. Nh4 Ke6 36. f4 Kf7 37. f5 gxf5 38. Nxf5 Kg6 39. Nd4
Kxg5 40. Kd2 Kf4 41. Ne6+ Ke5 42. Nc7 Kd4 43. Nxa6 Nd3 44. a3 c3+ 45. Kc2 Ne1+
46. Kc1 Kd3 47. a4 bxa4 48. Nc5+ Kc4 49. Nxa4 c2 50. Nc3 Kb3 51. Ne2 Nf3 52.
Nf4 Nd4 53. Nd3 Kc3 54. Nf4 Nb3# 0-1

[Event "Michigan Masters/Experts Championship"]
[Site "Flint, Mich."]
[Date "1992.01.18"]
[Round "2"]
[White "Koster, Ed"]
[Black "Moody, David"]
[Result "0-1"]
[WhiteElo "2191"]
[BlackElo "2042"]
[PlyCount "54"]
[EventDate "1992.01.18"]

1. e4 e5 2. Nf3 Nc6 3. Bb5 a6 4. Ba4 Nf6 5. O-O Be7 6. Re1 b5 7. Bb3 O-O 8. c3
d5 9. exd5 Nxd5 10. Nxe5 Nxe5 11. Rxe5 c6 12. d4 Bd6 13. Re1 Qh4 14. g3 Qh3 15.
Be3 Bg4 16. Qd3 Rae8 17. Nd2 Re6 18. a4 f5 19. f4 bxa4 20. Rxa4 Rfe8 21. Bxd5
cxd5 22. Rxa6 g5 23. Qf1 gxf4 24. Rxd6 Rxe3 25. Rxe3 fxe3 26. Qb5 Qh5 27. Qxd5+
Qf7 0-1

[Event "Michigan Masters/Experts Championship"]
[Site "Flint, Mich."]
[Date "1992.01.19"]
[Round "3"]
[White "Moody, David"]
[Black "Mazuchowski, Thomas"]
[Result "1-0"]
[WhiteElo "2042"]
[BlackElo "2145"]
[PlyCount "93"]
[EventDate "1992.01.18"]

1. e4 c5 2. c3 d6 3. d4 Nf6 4. dxc5 d5 5. Bb5+ Nc6 6. e5 Nd7 7. Nf3 e6 8. Bf4
Bxc5 9. O-O a6 10. Bxc6 bxc6 11. Nbd2 O-O 12. b4 Be7 13. Nb3 Nb6 14. Be3 Nc4
15. Bc5 a5 16. a3 Ba6 17. Re1 Nb2 18. Qd2 Nd3 19. Bxe7 Qxe7 20. Re3 axb4 21.
axb4 c5 22. Rxa6 Rxa6 23. Qxd3 c4 24. Qf1 Ra3 25. Na5 Qd7 26. Nd4 Qa4 27. f4
Ra8 28. h3 Rxc3 29. Rxc3 Qxb4 30. Rg3 Rxa5 31. f5 Qb2 32. Qf4 Ra1+ 33. Kh2 Qc1
34. Qxc1 Rxc1 35. fxe6 fxe6 36. Nxe6 Kf7 37. Nc7 d4 38. e6+ Kf6 39. Rf3+ Kg5
40. e7 Re1 41. e8=Q Rxe8 42. Nxe8 c3 43. Nd6 c2 44. Ne4+ Kg6 45. Rf1 h5 46. Kg3
d3 47. Kf4 1-0

[Event "Michigan Masters/Experts Championship"]
[Site "Flint, Mich."]
[Date "1992.01.19"]
[Round "4"]
[White "Finegold, Ron"]
[Black "Moody, David"]
[Result "1-0"]
[WhiteElo "2175"]
[BlackElo "2042"]
[PlyCount "105"]
[EventDate "1992.01.18"]

1. Nf3 d6 2. d4 Nf6 3. c4 g6 4. Nc3 Bg7 5. e4 O-O 6. Be2 e5 7. O-O Nc6 8. dxe5
dxe5 9. Bg5 h6 10. Qxd8 Rxd8 11. Bxf6 Bxf6 12. Nd5 Bg7 13. Nxc7 Rb8 14. Rfd1
Bg4 15. Kf1 Bxf3 16. Bxf3 Nd4 17. Nd5 Kf8 18. Rac1 b6 19. Be2 Rdc8 20. b3 h5
21. Rc3 Ke8 22. g3 Rc6 23. Nb4 Rd6 24. Nc2 Rbd8 25. Rcd3 Bf8 26. Nxd4 Rxd4 27.
Rxd4 Rxd4 28. Rxd4 exd4 29. f4 Bc5 30. Bd3 Ke7 31. Ke2 Ke6 32. Kf3 Be7 33. e5
h4 34. g4 f6 35. exf6 Kxf6 36. g5+ Kg7 37. Kg4 Bd6 38. h3 Kf7 39. Be4 Kg7 40.
b4 a5 41. bxa5 bxa5 42. f5 gxf5+ 43. Bxf5 Bg3 44. c5 Kf7 45. c6 Kg7 46. Kf3 Kf7
47. Ke4 Ke7 48. Kd5 Bc7 49. g6 Kf6 50. Bd3 Ke7 51. Kxd4 Ke6 52. Kc5 Be5 53. Kb6
1-0

[Event "Boynton Mini-Swiss (February)"]
[Site "Detroit, Mich."]
[Date "1992.02.02"]
[Round "2"]
[White "Wanshon, Kevin"]
[Black "Moody, David"]
[Result "1-0"]
[WhiteElo "1779"]
[BlackElo "2002"]
[PlyCount "67"]
[EventDate "1992.02.02"]

1. e4 e5 2. Nf3 Nc6 3. Bc4 Nf6 4. d3 Bc5 5. O-O d6 6. h3 Na5 7. Nbd2 Nxc4 8.
Nxc4 Be6 9. Be3 Bb6 10. Nxb6 axb6 11. c3 Qd7 12. Ng5 O-O 13. Qc2 h6 14. Nxe6
Qxe6 15. f4 d5 16. fxe5 Nd7 17. exd5 Qxe5 18. Bf4 Qxd5 19. d4 c5 20. dxc5 bxc5
21. Rad1 Qe6 22. Rd6 Qe8 23. Qf5 Nf6 24. Rxf6 gxf6 25. Bxh6 Qe6 26. Bxf8 Kxf8
27. Qxc5+ Kg7 28. a3 Qb3 29. Qd4 Ra6 30. Rf3 Re6 31. Rg3+ Kf8 32. Qd8+ Re8 33.
Qd6+ Re7 34. Re3 1-0

[Event "Boynton Mini-Swiss (February)"]
[Site "Detroit, Mich."]
[Date "1992.02.02"]
[Round "1"]
[White "Rosenberg, Steve"]
[Black "Moody, David"]
[Result "1-0"]
[WhiteElo "1778"]
[BlackElo "2002"]
[PlyCount "45"]
[EventDate "1992.02.02"]

1. Nf3 f5 2. g3 Nf6 3. Bg2 g6 4. d3 Bg7 5. c3 O-O 6. Nbd2 d6 7. O-O e5 8. Ng5
c6 9. e4 h6 10. Qb3+ d5 11. exd5 cxd5 12. Ngf3 Nbd7 13. Re1 e4 14. dxe4 Nc5 15.
Qb5 Ncxe4 16. Nxe4 fxe4 17. Nd4 Ng4 18. Rf1 Ne5 19. Qe2 Bg4 20. f3 exf3 21.
Nxf3 Qf6 22. Qxe5 Qxf3 23. Bxf3 1-0

[Event "Boynton Mini-Swiss (February)"]
[Site "Detroit, Mich."]
[Date "1992.02.02"]
[Round "3"]
[White "Moody, David"]
[Black "Grossman, Jay"]
[Result "0-1"]
[WhiteElo "2002"]
[BlackElo "1843"]
[PlyCount "34"]
[EventDate "1992.02.02"]

1. e4 c5 2. c3 d5 3. exd5 Qxd5 4. d4 cxd4 5. Nf3 Bg4 6. Be2 Nc6 7. O-O Nf6 8.
cxd4 e6 9. Bf4 Be7 10. Nc3 Qd8 11. Ne5 Bxe2 12. Nxe2 O-O 13. Qa4 Qb6 14. Bg5
Qxb2 15. Nxc6 bxc6 16. Qc4 Qb5 17. Qc2 Qxg5 0-1

[Event "St. Joseph Swiss (February)"]
[Site "St. Joseph, Mich."]
[Date "1992.02.08"]
[Round "2"]
[White "Moody, David"]
[Black "Tanner, Mike"]
[Result "1-0"]
[WhiteElo "2002"]
[BlackElo "1613"]
[PlyCount "45"]
[EventDate "1992.02.08"]

1. e4 e5 2. Nf3 Nf6 3. Bc4 Bc5 4. Nxe5 d5 5. exd5 Nxd5 6. Nxf7 Kxf7 7. Qf3+ Ke6
8. Qe4+ Kf6 9. Qxd5 Re8+ 10. Kf1 Qe7 11. Qf3+ Bf5 12. g4 Qe1+ 13. Kg2 Qe4 14.
d3 Qxg4+ 15. Qxg4 Bxg4 16. Nc3 Ke7 17. Re1+ Kd7 18. Rxe8 Kxe8 19. Bf4 c6 20.
Re1+ Kf8 21. Ne4 Be7 22. Ng5 Bxg5 23. Bd6+ 1-0

[Event "St. Joseph Swiss (February)"]
[Site "St. Joseph, Mich."]
[Date "1992.02.08"]
[Round "1"]
[White "Carr, Jay"]
[Black "Moody, David"]
[Result "1-0"]
[WhiteElo "1753"]
[BlackElo "2002"]
[PlyCount "35"]
[EventDate "1992.02.08"]

1. c4 e5 2. Nc3 Nc6 3. g3 g6 4. Bg2 Bg7 5. e3 Nge7 6. Nge2 O-O 7. O-O d6 8. d4
exd4 9. exd4 Nf5 10. d5 Ne5 11. b3 h5 12. Bf4 Nh6 13. Qd2 Kh7 14. Rae1 Bf5 15.
Ne4 Qd7 16. Bxh6 Bxe4 17. Bxg7 Bxg2 18. Qh6+ 1-0

[Event "Lansing Mini-Swiss (February)"]
[Site "Lansing, Mich."]
[Date "1992.02.09"]
[Round "1"]
[White "Moody, David"]
[Black "Zacks, Naum"]
[Result "1-0"]
[WhiteElo "2002"]
[BlackElo "1869"]
[PlyCount "45"]
[EventDate "1992.02.09"]

1. e4 Nf6 2. Nc3 d5 3. e5 d4 4. exf6 dxc3 5. fxg7 cxd2+ 6. Bxd2 Bxg7 7. Bc4 Qd4
8. Bb3 Qxb2 9. Rb1 Qe5+ 10. Ne2 Qe4 11. O-O Nc6 12. Ng3 Qg6 13. Re1 h5 14. Ba4
h4 15. Qe2 Bf8 16. Ne4 Rg8 17. Bg5 Be6 18. Rxb7 Bd5 19. Nf6+ Qxf6 20. Bxf6 Bxg2
21. Bxe7 Bf3+ 22. Bg5+ Bxe2 23. Bxc6# 1-0

[Event "Lansing Mini-Swiss (February)"]
[Site "Lansing, Mich."]
[Date "1992.02.09"]
[Round "3"]
[White "Moody, David"]
[Black "Malumphy, Joseph"]
[Result "0-1"]
[WhiteElo "2002"]
[BlackElo "1912"]
[PlyCount "70"]
[EventDate "1992.02.09"]

1. e4 d6 2. d4 Nf6 3. Nc3 g6 4. f4 Bg7 5. Nf3 O-O 6. Bc4 c6 7. Qe2 b5 8. Bb3 a5
9. e5 Ne8 10. a4 b4 11. Ne4 d5 12. Nc5 Na6 13. Nd3 Nec7 14. Be3 f6 15. O-O-O
Ne6 16. g4 fxe5 17. Nfxe5 Qc7 18. Qg2 Bb7 19. Rdf1 Rad8 20. f5 c5 21. fxe6 c4
22. Nd7 Rxf1+ 23. Qxf1 cxb3 24. Qf7+ Kh8 25. N3c5 Nxc5 26. dxc5 d4 27. Bf4 Qc8
28. Rf1 Bc6 29. Nb6 Qb7 30. Bg5 Rf8 31. Bxe7 Rxf7 32. Rxf7 Be8 33. Nd7 Qh1+ 34.
Kd2 Qg2+ 35. Kd3 Qxc2# 0-1

[Event "Lansing Mini-Swiss (February)"]
[Site "Lansing, Mich."]
[Date "1992.02.09"]
[Round "2"]
[White "Ford, William"]
[Black "Moody, David"]
[Result "0-1"]
[WhiteElo "1867"]
[BlackElo "2002"]
[PlyCount "76"]
[EventDate "1992.02.09"]

1. d4 Nf6 2. Nf3 d6 3. c4 g6 4. Nc3 Bg7 5. e4 O-O 6. Be2 e5 7. dxe5 dxe5 8. O-O
Nc6 9. Bg5 Bg4 10. Be3 Qe7 11. Nd5 Nxd5 12. cxd5 Bxf3 13. Bxf3 Nd4 14. Bxd4
exd4 15. Qb3 c6 16. dxc6 bxc6 17. Qc4 c5 18. Rac1 Rfc8 19. Rc2 Rab8 20. b3 Be5
21. g3 a5 22. Bg4 Rc7 23. f4 Bg7 24. e5 Rb4 25. Qa6 a4 26. Rf3 h5 27. Bh3 axb3
28. axb3 Rcb7 29. Qa8+ Bf8 30. Qa2 Ra7 31. Qb2 Qb7 32. Bg2 Qb6 33. Bf1 d3 34.
Rc3 c4+ 35. Kh1 Qd4 36. Qd2 Bc5 37. Kg2 cxb3 38. Bxd3 Ra2 0-1

[Event "Trenton Quads (February)"]
[Site "Trenton, Mich."]
[Date "1992.02.23"]
[Round "3"]
[White "Rajlich, Vasik"]
[Black "Moody, David"]
[Result "1/2-1/2"]
[WhiteElo "2090"]
[BlackElo "2002"]
[PlyCount "62"]
[EventDate "1992.02.23"]

1. e4 e5 2. Nf3 Nc6 3. d4 exd4 4. c3 dxc3 5. Bc4 cxb2 6. Bxb2 d6 7. O-O Nf6 8.
Ng5 Be6 9. Nxe6 fxe6 10. Bxe6 Qe7 11. Qb3 Nd8 12. Bh3 Qf7 13. Qa4+ c6 14. Nd2
Be7 15. Rfe1 O-O 16. Nf3 Nh5 17. Bc1 Ne6 18. Bxe6 Qxe6 19. Nd4 Qe5 20. Qb3+ d5
21. Bb2 Bd6 22. Nf3 Rxf3 23. Bxe5 Rxb3 24. Bxd6 Rb2 25. exd5 cxd5 26. Red1 Nf6
27. Be5 Rb5 28. a4 Rc5 29. Bd4 Ra5 30. Bc3 Rc5 31. Bd4 Ra5 1/2-1/2

[Event "Trenton Quads (February)"]
[Site "Trenton, Mich."]
[Date "1992.02.23"]
[Round "2"]
[White "Moody, David"]
[Black "Gabbara, Faris"]
[Result "1-0"]
[WhiteElo "2002"]
[BlackElo "2041"]
[PlyCount "72"]
[EventDate "1992.02.23"]

1. e4 c5 2. c3 d5 3. exd5 Qxd5 4. d4 e6 5. Nf3 Nc6 6. Na3 cxd4 7. Nb5 Qd8 8.
Bf4 e5 9. Nxe5 Qe7 10. Qe2 Nxe5 11. Bxe5 f6 12. Bxd4 Kd8 13. O-O-O Bd7 14. Bxa7
Kc8 15. Qc4+ Bc6 16. Bb6 g6 17. Qe6+ Bd7 18. Qc4+ Bc6 19. Rd8+ Qxd8 20. Bxd8
Bh6+ 21. Kb1 Kxd8 22. Nd6 Ra4 23. Nxb7+ Kc7 24. Qf7+ Kb6 25. Qb3+ Kc7 26. Nc5
Ra5 27. Na6+ Rxa6 28. Bxa6 Ne7 29. Qf7 Re8 30. Re1 Bf8 31. Re6 Bd7 32. Rxf6 Nf5
33. Bb5 Re1+ 34. Kc2 Be7 35. Qc4+ Kd8 36. Rb6 Nd6 1-0

[Event "Trenton Quads (February)"]
[Site "Trenton, Mich."]
[Date "1992.02.23"]
[Round "1"]
[White "Chehayeb, Salah"]
[Black "Moody, David"]
[Result "0-1"]
[WhiteElo "2150"]
[BlackElo "2002"]
[PlyCount "61"]
[EventDate "1992.02.23"]

1. e4 e5 2. Nf3 Nc6 3. Bc4 Nf6 4. Ng5 d5 5. exd5 Na5 6. Bb5+ c6 7. dxc6 bxc6 8.
Qf3 Rb8 9. Bxc6+ Nxc6 10. Qxc6+ Nd7 11. d3 h6 12. Ne4 Rb6 13. Qa4 f5 14. Ng3
Bc5 15. O-O Qf6 16. Nc3 Bb7 17. Be3 Rb4 18. Qa5 Qc6 19. Nge4 fxe4 20. Bxc5 exd3
21. f3 Qxc5+ 22. Qxc5 Nxc5 23. cxd3 Nxd3 24. b3 O-O 25. Rad1 Nf4 26. Rfe1 Rc8
27. Na4 Rc2 28. Rd8+ Kh7 29. Rxe5 Rxg2+ 30. Kf1 Ba6+ 31. Ke1 0-1